| 000 | 00539nam a2200181 a 4500 | ||
|---|---|---|---|
| 005 | 20140310183547.0 | ||
| 008 | 110928s19uu xx 00 eng d | ||
| 020 | _a9781412964685 | ||
| 050 |
_aQ 180.55.M4 _b.K445 2010 |
||
| 100 | _aKeller, Dana K. | ||
| 245 |
_aThe Tao of research : _ba path to validity / _cDana K. Keller. |
||
| 260 |
_aLos Angeles : _bSage, _c2010. |
||
| 300 |
_a142 p. : _bill. ; _c22 cm. |
||
| 650 |
_aReasearch - _xMethodology. |
||
| 700 | _aCasadevall-Keller, Mary Lou | ||
| 942 |
_cBK _2lcc _kFOR |
||
| 999 |
_c24888 _d24888 |
||